00943nam a2200241 a 4500001001000000003000400010005001700014008004100031040002500072082002800097110008500125245002300210250001200233260007400245300004500319590002700364610006600391650004600457910003700503942001400540952013000554999001700684000028579OSt20210105115413.0110411s1959 dr ace r 000 0 spa d aDO-SdBNPbspacBNPHU 4a725.94bR426f, 19592221 aRepública Dominicana.bComité Ejecutivo Permanente del Faro a Colón95553113aEl faro a Colón. a3a. ed. aCiudad Trujillo, República Dominicana :bEditora del Caribe,c1959. a[50 p.] :bil., planos, retrs. ;c23 cm. aInventariado, 2018/ YL14aFaro a Colón (Santo Domingo, República Dominicana)918752 4aMonumentoszRepública Dominicana925880 aValidado. Control de calidad MFF 2ddccLBS1 00102ddc51718RVaBNPHUbPDcHDd2011-04-11iLF1l0oBNPU PD-RV 725.94 R426f, 1959p28579-10r2020-06-25w2020-06-25yLBS1 c28071d28071